[Event "Michigan Novice"]
[Site "Auburn Hills"]
[Date "2005.01.16"]
[Round "5.9"]
[White "Hillaker, Rachel"]
[Black "Foster, Michael"]
[Result "1/2-1/2"]
[WhiteElo "792"]
[BlackElo "151"]
[PlyCount "91"]
[EventDate "2005.01.15"]
[EventType "swiss"]
[EventRounds "5"]
[EventCountry "USA"]
[SourceTitle "EXT 2006"]
[Source "ChessBase"]
[SourceDate "2005.11.24"]
[SourceVersion "1"]
[SourceVersionDate "2005.11.24"]
[SourceQuality "1"]

1. e4 e6 2. Nf3 g6 3. g3 Bg7 4. Bg2 Ne7 5. 0-0 0-0 6. d3 c5 7. Nc3 Nbc6 8. Be3 b6 9. b3 d5 10. Qd2 d4 11. Bg5 dxc3 12. Qe3 f6 13. Bh6 Nd4 14. Nxd4 cxd4 15. Qc1 e5 16. Bxg7 Kxg7 17. f4 exf4 18. gxf4 g5 19. fxg5 fxg5 20. Rxf8 Qxf8 21. Qxg5+ Ng6 22. e5 h6 23. Qf6+ Qxf6 24. exf6+ Kxf6 25. Bxa8 Bh3 26. Be4 Nh4 27. Kf2 Bf5 28. Bxf5 Nxf5 29. Re1 Ne3 30. Rc1 h5 31. Kf3 Ke5 32. Re1 h4 33. Rxe3+ dxe3 34. Kxe3 h3 35. d4+ Kd5 36. Kd3 a5 37. a4 Kd6 38. Ke4 Kc6 39. Kd3 b5 40. axb5+ Kxb5 41. d5 Kc5 42. Ke4 Kd6 43. Kd4 Kd7 44. Kc5 Kc7 45. d6+ Kd7 46. Kd5 1/2-1/2

[Event "Michigan Action"]
[Site "Warren"]
[Date "2004.12.11"]
[Round "2"]
[White "Gabbara, Faris"]
[Black "Foster, Michael"]
[Result "1-0"]
[WhiteElo "2015"]
[BlackElo "151"]
[PlyCount "29"]
[EventDate "2004.12.11"]
[EventType "swiss"]
[EventRounds "5"]
[EventCountry "USA"]
[SourceTitle "EXT 2007"]
[Source "ChessBase"]
[SourceDate "2006.11.23"]
[SourceVersion "1"]
[SourceVersionDate "2006.11.23"]
[SourceQuality "1"]

1. e4 b6 2. d4 Bb7 3. Nc3 Nc6 4. d5 Ne5 5. f4 d6 6. fxe5 dxe5 7. Nf3 f6 8. Bb5+ c6 9. dxc6 Bc8 10. Qxd8+ Kxd8 11. Be3 Bg4 12. 0-0-0+ Bd7 13. Rxd7+ Ke8 14. Nd5 e6 15. Nc7# 1-0